The Dynamics of Folklore and Orature in Culture/ (Record no. 205267)

MARC details
000 -LEADER
fixed length control field 00568nam a22001697a 4500
005 - DATE AND TIME OF LATEST TRANSACTION
control field 20240923112908.0
010 ## - LCCN (DPL NO)
LC control number ENG-141422
020 ## - INTERNATIONAL STANDARD BOOK NUMBER
International Standard Book Number 9788194599586
Terms of availability 795.00
035 ## - SYSTEM CONTROL NUMBER
System control number EN-124954
037 ## - SOURCE OF ACQUISITION
Source of stock number/acquisition DBAD/PUB
082 ## - DEWEY DECIMAL CLASSIFICATION NUMBER
Classification number 398.03
Edition number 1
245 ## - TITLE STATEMENT
Title The Dynamics of Folklore and Orature in Culture/
Statement of responsibility, etc edited by Pallavi Mishra
260 ## - PUBLICATION, DISTRIBUTION, ETC. (IMPRINT)
Place of publication, distribution, etc Cuttack
Name of publisher, distributor, etc Vishvanatha Kaviraja Institute
Date of publication, distribution, etc 2020
270 ## - ADDRESS
Address HIG A-42,Sector-7,CDA
Postal code 753014
City Cuttack,India
Telephone number 06712361010
Electronic mail address jclaindia@gmail.com
300 ## - PHYSICAL DESCRIPTION
Extent 160p.
Dimensions 22CM (pbk)
942 ## - ADDED ENTRY ELEMENTS (KOHA)
Source of classification or shelving scheme Dewey Decimal Classification
Item type English Books
Call number suffix DYN
Classification part 398.03
Holdings
Withdrawn status Lost status Not for loan Collection code Home library Current library Date acquired Source of acquisition Cost, normal purchase price Full call number Barcode Copy number Cost, replacement price Koha item type
      Non-fiction Shahdara Branch Shahdara Branch 23/08/2024 DBAD 795.00 398.03 DYN EN-124954 1 795.00 English Books

© Delhi Public Library
Hit Counter
free hit counter